000 01124nam a2200337 c 4500
001 1644
003 ES-MaCES
005 20150724120038.0
008 940601s1994 fr ||| | fre d
035 _aCES19980016524m
040 _aES-MaCES
_bspa
_cES-MaCES
245 0 0 _aComment appliquer la loi quinquennale?
_b: prévention des licenciements et gestion prévisionnelle de l'emploi
_cEnjeux-Les Echos [organisateur]
260 _a[Paris]
_bLamy
_c[1994]
300 _a3 v. (pag. var.)
_c30 cm
490 1 _aLes Echos conferences
500 _aTít. tomado de la cub
500 _aEn la cub., además: Mardi 29 mars 1994
541 _cCompra
650 4 _aempleo
_928299
650 4 _aseguridad en el trabajo
_928348
650 4 _aordenamiento del tiempo de trabajo
_929205
650 4 _areparto del trabajo
_931558
650 4 _aFrancia
_926943
653 1 0 _aEmpleo
650 4 _928300
_apolítica de empleo
710 2 _aEnjeux-Les Echos
_ecol.
_92660
830 3 _aLes Echos conferences
_932382
902 _aDOC Literatura gris
942 _2CES
_cBK
_h2.1.
999 _c1644
_d1644